| 000 | 00920nac a22001571u 4500 | ||
|---|---|---|---|
| 008 | 100811t؟؟؟ ua|||||r|||| 001 0dara d | ||
| 082 |
_a260 _bس ب ع |
||
| 100 |
_aابن سبعين _917438 _qعبد الحق بن إبراهيم بن محمد ابن سبعين الإشبيلي المرسي الأندلسي |
||
| 245 |
_aرسائل ابن سبعين : _cعبد الحق بن إبراهيم بن محمد ابن سبعين الإشبيلي المرسي الأندلسي ؛ حققه وقدم له عبد الرحمن بدوي |
||
| 260 |
_aالقاهرة : _bالمؤسسة المصرية العامة للتأليف والأنباء والنشر ، [1956] _c[1956] |
||
| 300 |
_a374ص ؛ _c24 سم. |
||
| 511 | _aCatalogued by: Sara | ||
| 600 |
_917438 _aلأندلسي ،لأبي محمد عبد الحق بن سبعين المرسي |
||
| 650 |
_aالتصوف الإسلامي _916733 |
||
| 942 |
_cBB _k260 س ب ع _2ddc |
||
| 999 |
_c6002 _d6002 |
||